Politika konkurencieschopnosti v podmienkach EÚ a jej základné problémy diplomová práca

Saved in:
Bibliographic Details
Main Author: Hrčka, Peter
Corporate Author: Národohospodárska fakulta EU. Katedra hospodárskej politiky
Other Authors: Tokárová, Mária
Format: Book
Language:Slovak
Published: Bratislava 2012
Tags: Add Tag
No Tags, Be the first to tag this record!

MARC

LEADER 00000nbm a2200000 4500
001 0153562
005 20161109102122.6
041 0 |a slo 
044 |a SK 
245 1 0 |a Politika konkurencieschopnosti v podmienkach EÚ a jej základné problémy  |b diplomová práca  |c Peter Hrčka ; školiteľ: Mária Tokárová 
264 1 |a Bratislava  |c 2012 
300 |a 91 s. 
100 1 |a Hrčka, Peter 
700 1 |a Tokárová, Mária 
710 2 |a Národohospodárska fakulta EU. Katedra hospodárskej politiky